BIBLIOTHÈQUE DE LA MAISON DU MEXIQUE

Logo 1 Logo 2

Higiene y terapéutica del libro (notice nᵒ 12041)

détails MARC
000 -Sello discográfico
campo de control de longitud fija 00923nam a2200289 4500
005 - Identificación de versión
campo de control 20251016082728.0
035 ## - Otros números de control del sistema
Número de control del sistema 12319
099 ## - fechas locales
Tipo de ítem Koha LIBRO
100 ## - Datos de procesamiento general
Datos de procesamiento general 19930801d19761956m y1spay5003 ba
105 ## - Campo de datos codificados: Material textual, monográfico
Datos codificados de monografía a 001zy
200 1# - Título y mención de responsabilidad
Título propio Higiene y terapéutica del libro
Designación general del material texto impreso
Primer mención de responsabilidad Juan Almela Meliá
205 ## - Declaración de edición
Declaración de edición 2a ed
210 ## - Publicación, distribución, etc.
Lugar de publicación, distribución, etc. México
Nombre del editor, distribuidor, etc. Fondo de Cultura Económica
Fecha de publicación, distribución, etc. 1976
215 ## - Descripción física
Designación de material específico y extensión del ítem 219 p
Otras características físicas il.
Dimensiones 17 cm
300 ## - Notas generales
Texto de la nota Incluye referencias bibliográficas e índice analítico
345 ## - Nota de información de adquisición
Fuente de adquisición/dirección de la suscripción [OBSOLETO] Donación
410 #1 - Series
Título Breviarios del Fondo de Cultura Económica
Número de volumen 264
606 ## - Término temático usado como materia
Elemento de entrada Libros
Subdivisión temática Conservación y restauración
Número Koha 18668
700 ## - Nombre personal - Responsabilidad primaria
Elemento de entrada Almela Meliá
Parte del nombre distinta del elemento de entrada Juan
Fechas 1883-1970
Número Koha 3513
801 #0 - Fuente de origen
Agencia cm
900 ## -
-- 1/8516
900 ## -
-- 710934176\\010893
942 ## - ELEMENTOS DE ENTRADA SECUNDARIOS (KOHA)
Tipo de ítem Koha Livre
996 ## -
-- MEX
-- 751145101
-- MMAG
-- 004745
-- 082.1 B846 V.264
-- 20210503LIV
Exemplaires
Estatus retirado Estado de daño Estado de pérdida Fecha de adquisición Biblioteca de origen Biblioteca actual Ubicación en estantería Código de barras Precio de reemplazo Signatura topográfica completa No para préstamo Tipo de ítem Koha Nota pública Nota no pública
      05/08/2025 Casa México Paris Casa México Paris   004745 05/08/2025 082.1 B846 V.264   Livre 20210503LIV 751145101